NCAA Tournament Teams (2015) Quiz Stats

 Plays Quiz Updated Mar 16, 2015

Score 0/68 Timer 08:00
2 Plays Today
Conference Team % Correct
SouthDuke
95.2%
MidwestKentucky
94.7%
WestNorth Carolina
89.7%
MidwestKansas
88.9%
WestWisconsin
86.9%
EastMichigan State
85.9%
MidwestTexas
83.6%
WestArizona
83.3%
EastVillanova
82.4%
SouthUCLA
81.9%
EastVirginia
81.3%
SouthIowa
79.7%
EastOklahoma
79%
WestOhio State
79%
WestOregon
77.4%
SouthGonzaga
77.1%
MidwestIndiana
74.5%
EastGeorgia
74.4%
SouthIowa State
73.9%
EastLouisville
72.8%
EastNC State
71.1%
MidwestNotre Dame
70.9%
MidwestMaryland
69.7%
EastLSU
68.2%
WestOklahoma State
68%
WestBaylor
67.1%
SouthGeorgetown
65.3%
SouthUtah
64.6%
MidwestWest Virginia
64.4%
MidwestButler
63.9%
WestArkansas
63.9%
MidwestPurdue
63.4%
MidwestWichita State
62.5%
WestHarvard
62%
Conference Team % Correct
WestOle Miss
60.4%
WestBYU
58.2%
WestXavier
57.2%
MidwestCincinnati
56.1%
EastDayton
55.2%
WestVCU
54.1%
SouthSan Diego State
49.9%
SouthSMU
49.3%
EastNorthern Iowa
47.7%
SouthSt. John's
47.2%
EastProvidence
46.9%
MidwestNew Mexico State
46.8%
WestGeorgia State
45.7%
EastBoise State
44.2%
EastWyoming
44.1%
MidwestBuffalo
43.4%
SouthDavidson
41.7%
MidwestHampton
39.3%
MidwestManhattan
36.9%
SouthNorth Dakota State
36.7%
SouthStephen F. Austin
35.5%
EastAlbany
35.5%
SouthUAB
35.3%
WestWofford
33.5%
MidwestValparaiso
31.8%
EastBelmont
30.7%
WestCoastal Carolina
30%
SouthNorth Florida
30%
SouthEastern Washington
29.9%
MidwestNortheastern
29.6%
EastUC Irvine
28.8%
SouthRobert Morris
28.6%
EastLafayette
25.2%
WestTexas Southern
24.6%

You're not logged in!

Compare scores with friends on all Sporcle quizzes.
OR
Log In

Sporcle TV

Today on Sporcle TV


Watch our educational content, quiz creation guides, and fun videos on Sporcle TV.

Show Comments

Extras

Top Quizzes Today


Score Distribution

Your Account Isn't Verified!

In order to create a playlist on Sporcle, you need to verify the email address you used during registration. Go to your Sporcle Settings to finish the process.

Report this User

Report this user for behavior that violates our Community Guidelines.

Details: